| 000 | 00563nam a2200181 i 4500 | ||
|---|---|---|---|
| 001 | 78183 | ||
| 003 | ES-MaACL | ||
| 005 | 20230906173559.0 | ||
| 007 | t| | ||
| 008 | 041013s1959 sp ||||1| spa d | ||
| 100 | 1 |
_aHart, Thomas R. _961968 |
|
| 245 | 1 | 3 |
_aLa alegoría en el Libro de buen amor / _cThomas R. Hart. |
| 260 |
_aMadrid : _bRevista de Occidente, _c[1959] ( _fClavileño) |
||
| 300 |
_a123 p. ; _c19 cm. |
||
| 600 | 1 | 4 |
_aRuiz, Juan _c, Arcipreste de Hita. _tEl libro de buen amor. _9100616 |
| 650 | 4 |
_aAlegoría. _9163532 |
|
| 852 |
_aES-MaACL _jE-2427 |
||
| 999 |
_c78183 _d78183 |
||